[Event "GER-ch qual"]
[Site "Gladenbach"]
[Date "1992.??.??"]
[Round "6"]
[White "Raupp, Thomas"]
[Black "Braeuning, Rudolf Wilhelm"]
[Result "1/2-1/2"]
[WhiteElo "2315"]
[BlackElo "2310"]

1.d4 Nf6 2.c4 c6 3.Nf3 d5 4.Nc3 e6 5.e3 a6 6.Bd3 dxc4 7.Bxc4 c5 8.O-O Nc6
9.Qe2 cxd4 10.Rd1 Be7 11.exd4 Nb4 12.Bg5 O-O 13.Ne5 Bd7 14.a3 Nbd5 15.Bxd5 Nxd5
16.Nxd5 exd5 17.Nxd7 Re8 18.Bxe7 Qxd7 19.Re1 Rac8 20.Qe5 Rc7 21.Rac1 Rxc1
22.Rxc1 Rxe7 23.Qxd5 g6 24.Qc4 h5 25.d5 Qd6 26.g3 Kh7 27.b4 Re5 28.Rd1 Re7
29.Kg2 Rd7 30.Qc5 Qe5 31.Qd4 Qd6 32.h4 Rc7 33.Rd3 Rd7 34.Kf3 Rc7 35.Qf4 Qb6
36.d6 Rd7 37.Qd4 Qc6+ 38.Qd5 Rxd6 39.Qxc6 Rxc6 40.Rd7 Rc3+ 41.Ke2 Kg7 42.a4 b6
43.Rd6 Ra3  1/2-1/2

[Event "Graz"]
[Site "Graz"]
[Date "1992.??.??"]
[Round "10"]
[White "Marangunic, Srdjan"]
[Black "Rigo, Janos"]
[Result "1/2-1/2"]
[WhiteElo "2455"]
[BlackElo "2370"]

1.d4 Nf6 2.Nf3 e6 3.e3 d5 4.c4 c6 5.Nc3 Be7 6.Bd3 O-O 7.O-O Nbd7 8.b3 Re8
9.Bb2 Bf8 10.Re1 g6  1/2-1/2

[Event "Groningen op"]
[Site "Groningen"]
[Date "1992.??.??"]
[Round "2"]
[White "Grooten, Herman"]
[Black "Sorokin, Maxim"]
[Result "0-1"]
[WhiteElo "2405"]
[BlackElo "2550"]

1.d4 d5 2.c4 c6 3.Nc3 e6 4.e3 Nf6 5.Nf3 Nbd7 6.Bd3 dxc4 7.Bxc4 b5 8.Bb3 Bb7
9.O-O b4 10.Ne2 Bd6 11.Nf4 O-O 12.Ng5 Qe7 13.Nfxe6 fxe6 14.e4 h6 15.Nxe6 Nxe4
16.Qd3 Kh8 17.Qxe4 Rf6 18.Qg4 Bc8 19.Qe2 Nb6 20.Nf4 Qxe2 21.Nxe2 Ba6 22.Re1 Re8
23.Be3 Nc4 24.Bxc4 Bxc4 25.Nc1 a5 26.Nb3 a4 27.Nd2 Bd5 28.b3 Rfe6 29.Rac1 Bf4
30.Nc4 axb3 31.axb3 Bd6 32.Kf1 Bxh2 33.Bd2 Bc7 34.Rxe6 Bxe6 35.Re1 Bf7 36.Rxe8+ Bxe8
37.Bxb4 Bg6 38.g3 Bc2 39.Nd2 Kg8 40.Ke2 Kf7 41.Bc5 Ke6 42.b4 h5 43.Ke3 g5
44.Nf3 Bd8 45.Ne5 Kd5 46.f3 Bc7 47.Nf7 h4 48.gxh4 gxh4 49.Ng5 Bf5 50.f4 h3
51.Nf3 Be4 52.Nh2 Bg2 53.Bf8 Ke6 54.Bg7 Bd6 55.Be5 Bxb4 56.Kf2 Kf5 57.Ke2 Ke4
58.Kf2 Bc3 59.f5 Kxf5 60.Nf3 Ke4 61.Ng5+ Kd5 62.Nf3 c5 63.Kg3 c4 64.Bf4 Bxd4
65.Bc1 c3 66.Ne1 Be5+ 67.Kf2 Be4 68.Nf3 h2  0-1

[Event "Groningen op"]
[Site "Groningen"]
[Date "1992.??.??"]
[Round "2"]
[White "Biebinger, Gerhard"]
[Black "Savchenko, Stanislav"]
[Result "0-1"]
[WhiteElo "2350"]
[BlackElo "2505"]

1.d4 d5 2.c4 e6 3.Nc3 c6 4.Nf3 Nf6 5.e3 Nbd7 6.Qc2 Bd6 7.Be2 O-O 8.O-O dxc4
9.Bxc4 Qe7 10.b3 a6 11.a4 c5 12.Bb2 b5 13.Rad1 Bb7 14.d5 h6 15.dxe6 fxe6
16.Nh4 Ng4 17.Ng6 Bxh2+ 18.Kh1 Qf7 19.f3 Nxe3 20.Rxd7 Qxd7 21.Nxf8 Rxf8 22.Qe2 Nxc4
23.bxc4 Bf4 24.Re1 e5 25.Rd1 Qe7 26.Kg1 Qh4 27.Ne4 Bh2+  0-1

[Event "Groningen op"]
[Site "Groningen"]
[Date "1992.??.??"]
[Round "4"]
[White "De Boer, Gert Jan"]
[Black "Sorokin, Maxim"]
[Result "1/2-1/2"]
[WhiteElo "2430"]
[BlackElo "2550"]

1.d4 d5 2.c4 c6 3.Nc3 e6 4.e3 Nf6 5.Nf3 Nbd7 6.Qc2 Bd6 7.Be2 O-O 8.O-O b6
9.e4 Nxe4 10.Nxe4 dxe4 11.Qxe4 Bb7 12.Bd3 g6 13.Bh6 Re8 14.Rad1 Rb8 15.Be2 Qe7
16.Rfe1 Bb4 17.Bd2 c5 18.Qd3 Bxd2 19.Rxd2 Rbd8 20.Red1 Nf6 21.Qa3 Ne4 22.Rd3 a5
23.Qb3 Rd6 24.Qc2 Red8 25.Bf1 cxd4 26.Nxd4 Nc5 27.R3d2 Ne4 28.Rd3 Nc5 29.R3d2 Qg5
30.Nb3 Be4 31.Qc3 Rxd2 32.Rxd2 Nxb3 33.Rxd8+ Qxd8 34.Qxb3 Qd4 35.Qb5 Bd3
36.Bxd3 Qxd3 37.g3 Qb1+ 38.Kg2 Qe4+ 39.Kg1 Qb1+ 40.Kg2 Qxa2 41.b3 Qe2 42.Qxb6 Qe4+
43.Kg1  1/2-1/2

[Event "Groningen op"]
[Site "Groningen"]
[Date "1992.??.??"]
[Round "4"]
[White "Grooten, Herman"]
[Black "Rubingh, Otto"]
[Result "1-0"]
[WhiteElo "2405"]
[BlackElo "2285"]

1.d4 d5 2.c4 e6 3.Nf3 Nf6 4.Nc3 c6 5.e3 Bd6 6.Bd3 Nbd7 7.O-O O-O 8.b3 dxc4
9.bxc4 e5 10.Qc2 Re8 11.a4 Qe7 12.Ng5 h6 13.Nge4 exd4 14.exd4 Bxh2+ 15.Kxh2 Ng4+
16.Kg1 f5 17.Nd2 c5 18.Nd5 Qd6 19.Nf3 cxd4 20.Bf4 Nde5 21.Nxe5 Nxe5 22.Rfe1 Bd7
23.Qe2  1-0

[Event "Groningen op"]
[Site "Groningen"]
[Date "1992.??.??"]
[Round "4"]
[White "Brenninkmeijer, Joris"]
[Black "Sakaev, Konstantin"]
[Result "1/2-1/2"]
[WhiteElo "2485"]
[BlackElo "2540"]

1.d4 Nf6 2.c4 e6 3.Nf3 d5 4.Nc3 c6 5.e3 Nbd7 6.Qc2 b6 7.Be2 Bb7 8.O-O Be7
9.Rd1 Qc7 10.b3 O-O 11.Bb2 Rfd8 12.Rac1 Rac8 13.Bd3 h6 14.Qe2 Qb8 15.Bb1 Qa8
16.Ne5 Nxe5 17.dxe5 Nd7 18.f4 Qb8 19.Qg4 Ba6 20.Ne2 dxc4 21.bxc4 b5 22.Nd4 Nc5
23.cxb5 cxb5 24.Nf3 Rxd1+ 25.Rxd1 Na4 26.Bd4 Nc3 27.Bxc3 Rxc3 28.f5 exf5
29.Qxf5 g6 30.Qd7 Rc7 31.Qd3 Qc8 32.Nd4 Rc3 33.Qd2 Bg5 34.Re1 b4 35.e6 Bc4
36.exf7+ Bxf7 37.Nf3 Qd8 38.Qxd8+ Bxd8 39.Ne5 Bb6 40.Kf2 g5 41.Nxf7 Kxf7
42.Kf3 h5 43.Ke4 Ke6 44.Re2 Rc4+ 45.Kd3 Rc3+ 46.Ke4 a5 47.Bc2 Rc4+ 48.Kd3 Rc3+
49.Ke4  1/2-1/2

[Event "Hamburg op"]
[Site "Hamburg"]
[Date "1992.??.??"]
[Round "5"]
[White "Krasenkow, Michal"]
[Black "Klingelhoefer, Stefan"]
[Result "1-0"]
[WhiteElo "2555"]
[BlackElo "2345"]

1.c4 e6 2.Nc3 d5 3.d4 c6 4.e3 Nf6 5.Nf3 Nbd7 6.Qc2 Bd6 7.g4 dxc4 8.Bxc4 Qe7
9.g5 Nd5 10.Bd2 Nxc3 11.Bxc3 b5 12.Bd3 b4 13.Bd2 c5 14.Be4 Rb8 15.O-O-O Bb7
16.Bxb7 Rxb7 17.Kb1 O-O 18.Bc1 b3 19.axb3 Rfb8 20.Rd3 Nb6 21.dxc5 Bxc5 22.e4 Bb4
23.Bf4 Rc8 24.Rhd1 h6 25.Qe2 hxg5 26.Nxg5 f6 27.Nf3 Nd7 28.Nh4 Qe8 29.Rg1 Nc5
30.Rh3 g5 31.e5 Kh8 32.Ng6+ Kg7 33.exf6+ Kxg6 34.Qh5+ Kf5 35.Qxg5+  1-0

[Event "Hamburg op"]
[Site "Hamburg"]
[Date "1992.??.??"]
[Round "7"]
[White "Ward, Christopher"]
[Black "Klingelhoefer, Stefan"]
[Result "1-0"]
[WhiteElo "2440"]
[BlackElo "2345"]

1.d4 d5 2.c4 e6 3.Nc3 c6 4.e3 Nf6 5.Nf3 Nbd7 6.Qc2 Bd6 7.b3 O-O 8.Be2 Qe7
9.O-O b6 10.e4 dxe4 11.Nxe4 Nxe4 12.Qxe4 Bb7 13.Bb2 Rad8 14.Bd3 f5 15.Qe2 c5
16.Rad1 cxd4 17.Nxd4 Nc5 18.Bc2 Qh4 19.g3 Qh3 20.f3 e5 21.Nb5 Bb8 22.Rxd8 Rxd8
23.Rd1 Rf8 24.Nd6 Bxd6 25.Rxd6 e4 26.f4 e3 27.Bd1 Re8 28.b4 Ne6 29.c5 bxc5
30.Bb3 c4 31.Bxc4 Kf7 32.b5 Be4 33.Bd4 h5 34.Bxe3 h4 35.Qf1 Qg4 36.Qd1 Qg6
37.Rxe6 Rxe6 38.Qd7+ Kf8 39.Bxe6  1-0

[Event "Hamburg-ch"]
[Site "Hamburg"]
[Date "1992.??.??"]
[Round "8"]
[White "Dankert, Peter"]
[Black "Schoof, Martin"]
[Result "1/2-1/2"]
[WhiteElo "2265"]
[BlackElo "2275"]

1.d4 Nf6 2.Nf3 d5 3.c4 e6 4.Nc3 c6 5.e3 Nbd7 6.Qc2 Bd6 7.Be2 O-O 8.h3 dxc4
9.Bxc4 c5 10.O-O a6 11.Rd1 b5 12.dxc5 Bxc5 13.Bb3 Bb7 14.Ng5 Rc8 15.Qe2 Qe7
16.Bd2 Ne5 17.Bc2 Ba7 18.Nxh7 b4 19.Nxf6+ gxf6 20.Qh5 f5 21.Ne4 Rxc2 22.Bxb4 Qxb4
23.Ng5 Kg7 24.Qh7+ Kf6 25.Qh6+ Ke7 26.Nh7 Ng6 27.Qg5+ f6 28.Qxg6 Rf7 29.Nxf6 Rxf6
30.Qg7+ Rf7 31.Qg5+ Rf6 32.Qg7+ Rf7 33.Qg5+  1/2-1/2

[Event "Hamburg op"]
[Site "Hamburg"]
[Date "1992.??.??"]
[Round "9"]
[White "Ward, Christopher"]
[Black "Mueller, Karsten"]
[Result "1/2-1/2"]
[WhiteElo "2440"]
[BlackElo "2490"]

1.d4 d5 2.c4 e6 3.Nc3 c6 4.e3 Nf6 5.Nf3 Nbd7 6.Qc2 Bd6 7.b3 O-O 8.Be2 dxc4
9.bxc4 e5 10.O-O Re8 11.Re1 Qe7 12.Bb2 e4 13.Nd2 Nf8 14.f3 exf3 15.Bxf3 Ne6
16.Nce4 Nxe4 17.Bxe4 Qh4 18.g3 Qh5 19.Bf3 Qh6 20.Ne4 Qg6 21.Re2 Bf8 22.Rae1 f5
23.Nf2 Ng5 24.Bg2 Qh5 25.Nd3 Nf3+ 26.Bxf3 Qxf3 27.Qb3 Bd6 28.Ba3 Bc7 29.d5 Bb6
30.Bc5 Bxc5 31.Nxc5 b6 32.Rf2 Qg4 33.Nd3 cxd5 34.cxd5 Bd7 35.Nf4 Kh8 36.Qa3 Qg5
37.Rc2 Qf6 38.Rc7 Rad8 39.Rxa7 g5 40.Nh5 Qe5 41.Rc1 f4 42.gxf4 gxf4 43.Nxf4 Qxe3+
44.Qxe3 Rxe3 45.Kf2 Re4 46.Kf3 Re7 47.Rcc7 Rf7 48.Ke4 Re8+ 49.Kf3 Rd8 50.h3 h5
51.Ke3 Re8+ 52.Kd2 Rxf4 53.Rxd7 Rd4+ 54.Kc3 Rd1 55.Rh7+ Kg8 56.Rhg7+ Kh8
57.Rh7+ Kg8 58.Rxh5 Rc8+ 59.Kb2 Rc5 60.Rg5+ Kf8 61.Ra8+ Kf7 62.Rf5+ Kg7 63.Rf3 Rdxd5
64.Ra4 Rf5 65.Rxf5 Rxf5 66.Rb4 Rf2+ 67.Ka3 Rh2 68.Rb3 b5 69.Rf3 b4+ 70.Kb3 Kg6
71.Rf4 Kg5 72.Rd4 Rxh3+ 73.Kxb4 Kf6 74.a4 Ke5 75.Rd2 Rh1 76.a5 Ra1 77.Kb5 Rb1+
78.Kc6 Ra1 79.Kb6 Rb1+ 80.Ka7 Ke6 81.Rd8 Ke7 82.Rb8 Rc1 83.a6 Kd7 84.Rh8 Kc7
85.Rh7+ Kc8  1/2-1/2

[Event "Havana op"]
[Site "Havana"]
[Date "1992.??.??"]
[Round "?"]
[White "Nunez, Antonio"]
[Black "Trabert, Bettina"]
[Result "1-0"]
[WhiteElo "2340"]
[BlackElo "2135"]

1.Nf3 d5 2.d4 c6 3.c4 e6 4.e3 Nf6 5.Nc3 Nbd7 6.Bd3 dxc4 7.Bxc4 b5 8.Bd3 Bb7
9.O-O b4 10.Ne4 Nxe4 11.Bxe4 Be7 12.Bd2 O-O 13.a3 Nf6 14.Bb1 bxa3 15.b4 a5
16.bxa5 c5 17.Rxa3 Ne4 18.a6 Nxd2 19.Qxd2 Bxf3 20.gxf3 cxd4 21.Ra4 Qb6 22.Qxd4 Qxd4
23.exd4 Ra7 24.Be4 Rb8 25.Rb1 Rxb1+ 26.Bxb1 Kf8 27.Be4 Bd6 28.Bb7 Ke7 29.Rc4 g6
30.h3 Bf4 31.Kf1 Kd7 32.Ke2 Bc7 33.Kd3 Ba5 34.Rc2 Bc7 35.Kc4 Bb6 36.Kd3 Bc7
37.Rc5 Bb6 38.Rc6 Bc7 39.Rc1 Bb6 40.Rc8 Bc7 41.Kc4 Bb6 42.Rc6 Bd8 43.Kb5 Bc7
44.Kc5 Ba5 45.Rc8 Bc7 46.Kb5 e5 47.Rf8  1-0

[Event "Helsinki Club-ch"]
[Site "Helsinki"]
[Date "1992.??.??"]
[Round "?"]
[White "Karner, Hillar"]
[Black "Pulkkinen, Kari"]
[Result "1/2-1/2"]
[WhiteElo "2365"]
[BlackElo "2240"]

1.d4 Nf6 2.Nf3 e6 3.c4 d5 4.Nc3 c6 5.e3 Nbd7 6.Qc2 Bd6 7.Bd2 O-O 8.Be2 dxc4
9.Bxc4 Qe7 10.Ne4 Nxe4 11.Qxe4 e5 12.Bc3 Nf6 13.Qh4 e4 14.Ne5 Be6 15.Be2 Bd5
16.f4 exf3 17.gxf3 c5 18.Rg1 g6 19.O-O-O Rac8 20.Kb1 cxd4 21.exd4 Rxc3 22.bxc3 Bxe5
23.dxe5 Qxe5 24.Rd2 Qxc3  1/2-1/2

[Event "Helsinki op"]
[Site "Helsinki"]
[Date "1992.??.??"]
[Round "7"]
[White "Sherbakov, Ruslan"]
[Black "Sakaev, Konstantin"]
[Result "1/2-1/2"]
[WhiteElo "2530"]
[BlackElo "2540"]

1.Nf3 d5 2.d4 c6 3.c4 e6 4.e3 Nf6 5.Nc3 Nbd7 6.Bd3 dxc4 7.Bxc4 b5 8.Be2 Bb7
9.e4 b4 10.e5 bxc3 11.exf6 Nxf6 12.bxc3 Bd6 13.Qb3 Qc7 14.Ba3 Bxa3 15.Qxa3 Qe7
16.Qa5 O-O 17.O-O c5 18.dxc5 Rfc8 19.Rab1 Ne4 20.c6 Rxc6 21.Nd4 Rcc8 22.Bf3 Nc5
23.Bxb7 Nxb7 24.Qb4 Nc5 25.Nb3 g6 26.Rfd1 Rab8 27.Qd4 e5 28.Qe3 Na4 29.Rbc1 Nb2
30.Rd5 Nc4 31.Qd3 Qa3 32.Rc2 a5 33.h4 a4 34.Nd2 Nxd2  1/2-1/2

[Event "Helsinki op"]
[Site "Helsinki"]
[Date "1992.??.??"]
[Round "9"]
[White "Yakovich, Yuri"]
[Black "Novikov, Igor A"]
[Result "1/2-1/2"]
[WhiteElo "2520"]
[BlackElo "2585"]

1.d4 d5 2.c4 c6 3.Nc3 Nf6 4.e3 e6 5.Nf3 Nbd7 6.Bd3 dxc4 7.Bxc4 b5 8.Bd3 Bb7
9.O-O b4 10.Na4 c5 11.dxc5 Bxc5 12.Nxc5 Nxc5 13.Bb5+ Ke7 14.Nd4 a6 15.Bc4 Qb6
16.a3 a5 17.b3 Rhc8 18.Bb2 Na4  1/2-1/2

[Event "Oberliga Hessen"]
[Site "Hessen"]
[Date "1992.??.??"]
[Round "?"]
[White "Kribben, Johannes"]
[Black "Legde, Georg"]
[Result "0-1"]
[WhiteElo "2255"]
[BlackElo "2265"]

1.c4 e6 2.d4 d5 3.e3 Nf6 4.Nf3 c6 5.Nc3 Nbd7 6.b3 Bd6 7.Be2 O-O 8.O-O Qe7
9.Qc2 dxc4 10.bxc4 e5 11.dxe5 Nxe5 12.Bb2 Re8 13.Nd4 Bc7 14.Nf5 Qc5 15.Ne4 Nxe4
16.Qxe4 Nf3+ 17.Qxf3 Bxf5 18.Bd4 Qd6 19.g3 Qg6 20.Qh5 Rad8 21.Qxg6 hxg6 22.Rfd1 Bc2
23.Rd2 c5 24.Rxc2 cxd4 25.exd4 Rxd4 26.Bf3 b6 27.Rd1 Rxd1+  0-1

[Event "Oberliga Hessen"]
[Site "Hessen"]
[Date "1992.??.??"]
[Round "?"]
[White "Neidhardt, Claus Ulrich"]
[Black "Legde, Georg"]
[Result "0-1"]
[WhiteElo "2335"]
[BlackElo "2265"]

1.d4 d5 2.c4 e6 3.Nc3 c6 4.e3 Nf6 5.Nf3 Nbd7 6.Bd3 Bd6 7.e4 dxe4 8.Nxe4 Nxe4
9.Bxe4 Bb4+ 10.Bd2 Qa5 11.O-O Bxd2 12.Nxd2 O-O 13.c5 Qb4 14.Nb3 e5 15.Rc1 exd4
16.Bc2 d3 17.Bxd3 Qf4 18.Rc4 Qf6 19.Rd4 Ne5 20.Be2 Be6 21.f4 Ng6 22.Na5 Rad8
23.Rd6 Rxd6 24.cxd6 Nxf4 25.Nxb7 Qd4+ 26.Kh1 Nxe2 27.Qxe2 Qb6 28.d7 Bxd7
29.Nd6 Be6 30.b3 Rd8 31.Ne4 Qd4 32.Ng5 Bd5 33.Qe7 Rb8 34.h3 Qd2 35.Nf3 Qxa2
36.Qe3 h6 37.Rf2 Qa1+ 38.Kh2 Rxb3 39.Qe8+ Kh7 40.Ne5 Qd4 41.Ng4 Rb2 42.Rxb2 Qxb2
43.Ne3 Be6  0-1

[Event "EU-ch U20 Girls"]
[Site "Hradec Kralove"]
[Date "1992.??.??"]
[Round "?"]
[White "Kadimova, Ilaha"]
[Black "Cosma, Elena Luminita"]
[Result "0-1"]
[WhiteElo "2270"]
[BlackElo "2215"]

1.d4 d5 2.c4 e6 3.Nc3 c6 4.e3 Nf6 5.Nf3 Nbd7 6.Bd3 dxc4 7.Bxc4 b5 8.Bd3 Bb7
9.O-O b4 10.Ne4 Be7 11.Nxf6+ Nxf6 12.e4 O-O 13.Qe2 c5 14.dxc5 Nd7 15.c6 Bxc6
16.Be3 Bb7 17.Rfd1 Nc5 18.Bc4 Qb8 19.Bxc5 Bxc5 20.Rac1 Bb6 21.Ba6 Bxa6 22.Qxa6 Rd8
23.Rxd8+ Qxd8 24.Ne5 Bxf2+ 25.Kh1 Bb6 26.Qb7 Qe8 27.Nxf7 Rb8 28.Nd6 Rxb7
29.Nxe8 Rd7 30.e5 Be3 31.Rb1 Bd4 32.Rd1 Kf8 33.Nd6 Bxb2 34.Rf1+ Kg8 35.Nc4 Bc3
36.g3 Rd4 37.Rf4 Rd1+ 38.Kg2 h6 39.Rf3 Rd5 40.Re3 a5 41.Kf3 a4 42.Nb6 Ra5
43.Nc4 Rc5 44.Nb6 a3 45.Na4 Rxe5 46.Rxe5 Bxe5 47.Nc5 Bd6 48.Nb3 Kf7 49.h3 Kf6
50.g4 Ke5 51.Ke3 Kd5 52.Kd3 e5 53.Nd2 Bc5 54.Ne4 Bd4 55.Nd2 e4+ 56.Ke2 e3
57.Nb3 Ke4 58.Nc1 Bb6 59.Nb3 Kf4  0-1

[Event "HUN-ch"]
[Site "?"]
[Date "1992.??.??"]
[Round "4"]
[White "Groszpeter, Attila"]
[Black "Chernin, Alexander"]
[Result "1/2-1/2"]
[WhiteElo "2520"]
[BlackElo "2600"]

1.d4 d5 2.c4 c6 3.Nc3 Nf6 4.e3 e6 5.Nf3 Nbd7 6.Bd3 dxc4 7.Bxc4 b5 8.Bd3 Bb7
9.e4 b4 10.Na4 c5 11.e5 Nd5 12.Ng5 cxd4 13.Nxe6 Qe7 14.Nxf8 Qxe5+ 15.Be2 Kxf8
16.O-O Re8 17.Bb5 N5f6  1/2-1/2

[Event "HUN-ch"]
[Site "?"]
[Date "1992.??.??"]
[Round "4"]
[White "Horvath, Jozsef"]
[Black "Kallai, Gabor"]
[Result "1/2-1/2"]
[WhiteElo "2505"]
[BlackElo "2455"]

1.d4 d5 2.c4 c6 3.Nf3 Nf6 4.Nc3 e6 5.e3 Nbd7 6.Qc2 Bd6 7.Be2 O-O 8.O-O dxc4
9.Bxc4 b5 10.Bd3 Bb7 11.h3 b4 12.Ne4 Nxe4 13.Bxe4 Nf6 14.Nd2 Rc8 15.b3 Nxe4
16.Nxe4 c5 17.Nxc5 Bxc5  1/2-1/2

[Event "HUN-ch"]
[Site "?"]
[Date "1992.??.??"]
[Round "5"]
[White "Adorjan, Andras"]
[Black "Horvath, Jozsef"]
[Result "1/2-1/2"]
[WhiteElo "2550"]
[BlackElo "2505"]

1.c4 c6 2.Nf3 Nf6 3.Nc3 d5 4.e3 e6 5.d4 Nbd7 6.Bd3 dxc4 7.Bxc4 b5 8.Bb3 Bb7
9.O-O Be7 10.Re1 b4 11.Na4 c5 12.dxc5  1/2-1/2

[Event "HUN-ch"]
[Site "?"]
[Date "1992.??.??"]
[Round "9"]
[White "Farago, Ivan"]
[Black "Kallai, Gabor"]
[Result "0-1"]
[WhiteElo "2510"]
[BlackElo "2455"]

1.d4 d5 2.c4 c6 3.Nc3 Nf6 4.e3 e6 5.Nf3 Nbd7 6.Be2 Bd6 7.b3 Ne4 8.Nxe4 dxe4
9.Nd2 f5 10.Bb2 O-O 11.Qc2 a5 12.a3 b6 13.O-O-O Qe7 14.Nb1 Bb7 15.g4 fxg4
16.Bxg4 Nf6 17.Bh3 e5 18.Rhg1 Bc8 19.Bxc8 Raxc8 20.Qc3 exd4 21.Qxd4 Bxh2
22.Rg2 Rcd8 23.Qxb6 Rxd1+ 24.Kxd1 Qd7+ 25.Nd2 Bc7 26.Qd4 Qh3 27.Qxe4 Qd7
28.Qd4 Qh3 29.Qe4 Qd7 30.Qh4 Qe6 31.Ke2 Rf7 32.Qg5 Ne4 33.Qh4 Nxd2 34.Kxd2 Be5
35.Bxe5 Qxe5 36.Qd8+ Rf8 37.Qd4 Qe7 38.Kc2 g6 39.Kb2 c5 40.Qc3 a4 41.f4 Rb8
42.b4 cxb4 43.Qd4 bxa3+ 44.Ka2 Qb7 45.Qd5+ Qxd5 46.cxd5 Rb2+  0-1

[Event "HUN-chT"]
[Site "HUN"]
[Date "1992.??.??"]
[Round "?"]
[White "Adorjan, Andras"]
[Black "Horvath, Jozsef"]
[Result "1/2-1/2"]
[WhiteElo "2535"]
[BlackElo "2480"]

1.c4 c6 2.Nf3 Nf6 3.Nc3 d5 4.e3 e6 5.d4 Nbd7 6.Qc2 Bd6 7.Be2 O-O 8.O-O dxc4
9.Bxc4 b5 10.Be2 Bb7 11.Rd1 Qc7 12.Bd2 a6 13.b4 e5 14.h3 exd4 15.exd4 Rfe8
16.a3 a5 17.Bd3 h6 18.Nh4 axb4 19.axb4 Rxa1 20.Rxa1 Qd8 21.Qb2 Nb6  1/2-1/2

[Event "HUN-chT"]
[Site "HUN"]
[Date "1992.??.??"]
[Round "?"]
[White "Barbero, Gerardo F"]
[Black "Chernin, Alexander"]
[Result "1/2-1/2"]
[WhiteElo "2485"]
[BlackElo "2620"]

1.d4 d5 2.c4 c6 3.Nc3 Nf6 4.e3 e6 5.Nf3 Nbd7 6.Qc2 Bd6 7.Be2 O-O 8.O-O dxc4
9.Bxc4 a6 10.h3 c5 11.a4 Qc7 12.Ba2 cxd4 13.exd4 b5 14.Qe2 bxa4 15.Nxa4 Qa5
16.Nc3 Bb7 17.Re1 Qh5 18.Ne5 Qxe2 19.Rxe2 Nb6 20.Bg5 Nbd5 21.Nxd5  1/2-1/2

[Event "HUN-chT"]
[Site "HUN"]
[Date "1992.??.??"]
[Round "?"]
[White "Groszpeter, Attila"]
[Black "Kallai, Gabor"]
[Result "1/2-1/2"]
[WhiteElo "2495"]
[BlackElo "2455"]

1.d4 d5 2.c4 c6 3.Nc3 Nf6 4.e3 e6 5.Nf3 Nbd7 6.Bd3 dxc4 7.Bxc4 b5 8.Bd3 a6
9.e4 c5 10.d5 c4 11.Bc2 Qc7 12.O-O e5 13.Qe2 Bc5 14.Bg5 O-O 15.Nd1 h6 16.Bd2 Ne8
17.Ne3 Nd6 18.b4 Bd4 19.Rad1 Re8 20.Bc1  1/2-1/2

[Event "HUN-chT"]
[Site "HUN"]
[Date "1992.??.??"]
[Round "?"]
[White "Gyorkos, Lajos"]
[Black "Kallai, Gabor"]
[Result "1/2-1/2"]
[WhiteElo "2450"]
[BlackElo "2455"]

1.c4 c6 2.d4 d5 3.Nf3 Nf6 4.e3 e6 5.Nc3 Nbd7 6.Bd3 dxc4 7.Bxc4 b5 8.Be2 b4
9.Na4 Be7 10.Bd2 O-O 11.O-O Ne4  1/2-1/2

[Event "HUN-chT"]
[Site "HUN"]
[Date "1992.??.??"]
[Round "?"]
[White "Horvath, Jozsef"]
[Black "Lukacs, Peter"]
[Result "1-0"]
[WhiteElo "2480"]
[BlackElo "2495"]

1.d4 d5 2.c4 c6 3.Nc3 Nf6 4.e3 e6 5.Nf3 Nbd7 6.Qc2 Bd6 7.Be2 O-O 8.O-O e5
9.cxd5 cxd5 10.dxe5 Nxe5 11.Rd1 Be6 12.Bd2 Rc8 13.Be1 a6 14.Rac1 Qc7 15.h3 Qe7
16.Qb1 Bb8 17.Nxe5 Bxe5 18.Bf3 Rfd8 19.Nxd5 Bxd5 20.Rxc8 Rxc8 21.Bxd5 Nxd5
22.Rxd5 Qf6 23.b3 g6 24.Bd2 Kg7 25.Qd3 Rc6 26.Rd7 b5 27.e4 Bc7 28.Be3 Bb6
29.Bxb6 Rc1+ 30.Kh2 Qxb6 31.Qd2 Rc6 32.e5 Rc7 33.e6  1-0

[Event "HUN-chT"]
[Site "HUN"]
[Date "1992.??.??"]
[Round "?"]
[White "Horvath, Jozsef M"]
[Black "Czegledi, Zsolt"]
[Result "1/2-1/2"]
[WhiteElo "2225"]
[BlackElo "2220"]

1.d4 Nf6 2.c4 e6 3.Nc3 d5 4.Nf3 c6 5.e3 Be7 6.Bd3 dxc4 7.Bxc4 b5 8.Bd3 a6
9.O-O Nbd7 10.e4 Bb7 11.Bg5 h6 12.Bh4 c5 13.e5 Nd5 14.Bxe7 Nxc3 15.bxc3 Qxe7
16.Qe2 O-O 17.Nd2 Nb6 18.Ne4 cxd4 19.cxd4 Bxe4 20.Qxe4 g6 21.Qg4 Qg5 22.Qxg5 hxg5
23.Be4 Ra7 24.Rac1 Rd8 25.Rfd1 Rad7 26.Rc6 Rxd4 27.Rxd4 Rxd4 28.f3 Nc4 29.Rxa6 Rd1+
30.Kf2 Rd2+ 31.Kg3 Ne3 32.f4 Rd4 33.Kf3 gxf4 34.Kxf4 Nf1 35.Ra3 g5+ 36.Kf3 Nxh2+
37.Ke3 Rb4 38.Bf3 Kg7 39.Be2 Ng4+ 40.Bxg4 Rxg4 41.Kf3 Ra4 42.Rb3 b4 43.g4 Kf8
44.Ke4 Ke7 45.Kd4 f5 46.exf6+ Kxf6 47.Rf3+ Ke7 48.Rb3 Kd6 49.Ke4 Kc5 50.Ke5 Rxa2
51.Kxe6 Rf2 52.Re3 Rf1 53.Re5+ Kc4 54.Rxg5 b3 55.Rg8 Re1+ 56.Kf6 b2 57.Rb8 b1=Q
58.Rxb1 Rxb1 59.g5 Kd5 60.g6 Rf1+ 61.Ke7 Ke5 62.g7 Rg1 63.Kf7  1/2-1/2

[Event "HUN-chT"]
[Site "HUN"]
[Date "1992.??.??"]
[Round "?"]
[White "Horvath, Jozsef M"]
[Black "Kadar, Gabor"]
[Result "0-1"]
[WhiteElo "2225"]
[BlackElo "2295"]

1.d4 Nf6 2.c4 e6 3.Nc3 d5 4.Nf3 c6 5.e3 Bd6 6.Bd3 Nbd7 7.O-O O-O 8.Qc2 dxc4
9.Bxc4 e5 10.h3 Qe7 11.Bd3 Re8 12.Ng5 h6 13.Nge4 Bc7 14.Ng3 Nf8 15.dxe5 Bxe5
16.Nce2 Be6 17.f4 Bc7 18.e4 Bb6+ 19.Kh1 Rad8 20.f5 Bc8 21.Rf3 N8d7 22.Bf4 Ne5
23.Bxe5 Qxe5 24.Nf4 Qc5 25.Qb3 Rd4 26.Nfe2 Rb4 27.Qa3 a5 28.Nc3 Qe5 29.Raf1 Bc7
30.Nce2 Nxe4 31.Bxe4 Rxe4 32.Nf4 Re3  0-1

[Event "HUN-chT"]
[Site "HUN"]
[Date "1992.??.??"]
[Round "?"]
[White "Lukacs, Peter"]
[Black "Kiss, Pal"]
[Result "1-0"]
[WhiteElo "2495"]
[BlackElo "2410"]

1.d4 d5 2.c4 c6 3.Nf3 Nf6 4.Nc3 e6 5.e3 Nbd7 6.Qc2 Bd6 7.Bd2 O-O 8.h3 a6
9.g4 b5 10.c5 Bc7 11.Bd3 g6 12.Ne2 a5 13.a3 Qe7 14.Bc3 Re8 15.Kd2 a4 16.Rad1 Rb8
17.Kc1 e5 18.Nxe5 Nxe5 19.dxe5 Bxe5 20.Bxe5 Qxe5 21.Nd4 Bd7 22.Qc3 Re7 23.Kb1 Ne8
24.h4 Nc7 25.h5 Qg7 26.Rdg1 Ree8 27.hxg6 hxg6 28.Rg3 Ne6 29.Bf5 Nxd4 30.Bxd7 Re7
31.Rgh3 Rxd7 32.exd4 Re8 33.g5 Rde7 34.Ka2 Re2 35.Rh6 R8e6 36.Qh3 Kf8 37.Qg3 Rxb2+
38.Ka1 Ra2+ 39.Kxa2  1-0

[Event "HUN-chT"]
[Site "HUN"]
[Date "1992.??.??"]
[Round "?"]
[White "Orso, Miklos"]
[Black "Feher, Gyula"]
[Result "1/2-1/2"]
[WhiteElo "2380"]
[BlackElo "2405"]

1.d4 d5 2.c4 c6 3.Nc3 Nf6 4.e3 e6 5.Nf3 Nbd7 6.Bd3 dxc4 7.Bxc4 b5 8.Bd3 a6
9.O-O c5 10.Qe2 Bb7 11.Rd1 Qb8 12.e4 cxd4 13.Nxd4 Bd6  1/2-1/2

[Event "HUN-chT"]
[Site "HUN"]
[Date "1992.??.??"]
[Round "?"]
[White "Sinkovics, Peter"]
[Black "Halasz, Tamas"]
[Result "1/2-1/2"]
[WhiteElo "2335"]
[BlackElo "2400"]

1.d4 d5 2.Nf3 Nf6 3.c4 e6 4.Nc3 c6 5.e3 Nbd7 6.Qc2 Bd6 7.Be2 O-O 8.O-O Qe7
9.e4 Nxe4 10.Nxe4 dxe4 11.Qxe4 e5 12.c5 exd4 13.Qxe7 Bxe7 14.b4 a5 15.bxa5 Bf6
16.Bc4 Rxa5 17.Bb2 Rxc5 18.Rac1 b5 19.Bd3 Bb7 20.Rcd1 Ra8 21.Bxd4 Bxd4 22.Nxd4 Rxa2
23.Bb1 Ra8 24.Nxb5 cxb5 25.Rxd7 Bd5 26.Rd1 Re8 27.f3 Bb3 28.Rf1 Rd5 29.Rxd5 Bxd5
30.Rd1 Bc4 31.Bd3 Bxd3 32.Rxd3 Kf8 33.Kf2 Ke7 34.Ke3 Rb8 35.Ra3 Kd6 36.Kd4 Kc6
37.Re3 Rb7 38.Kc3 Rd7 39.Re5 f6 40.Re6+ Kc5 41.Re4 h6 42.h4 f5 43.Re5+ Rd5
44.Re7 g6 45.Rc7+ Kb6 46.Rg7 Rd6 47.Rf7 h5 48.g4 Rc6+ 49.Kb3 fxg4 50.fxg4 Rc4
51.Rf6+ Ka5 52.g5 Rxh4 53.Rxg6 Rg4 54.Rg8 Rg3+ 55.Kc2 Kb4 56.g6 Rg2+ 57.Kd3 Rg4
58.g7 h4 59.Kc2 Rg2+ 60.Kc1 Kb3 61.Rb8 Rxg7 62.Rxb5+ Kc3 63.Kd1 Re7 64.Rc5+ Kd3
65.Rd5+ Ke3 66.Ke1 Rf7 67.Ra5 Kf3 68.Kf1 Kg3+ 69.Kg1 Rd7  1/2-1/2

[Event "HUN-chT"]
[Site "HUN"]
[Date "1992.??.??"]
[Round "1"]
[White "Horvath, Gyula"]
[Black "Nemeth, Zoltan"]
[Result "1/2-1/2"]
[WhiteElo "2420"]
[BlackElo "2360"]

1.c4 c6 2.d4 d5 3.Nc3 Nf6 4.e3 e6 5.Nf3 Nbd7 6.Bd3 dxc4 7.Bxc4 b5 8.Bd3 a6
9.e4 c5 10.d5 c4 11.dxe6 fxe6 12.Bc2 Qc7 13.O-O Bc5 14.Qe2 Ne5 15.Nxe5 Qxe5
16.Kh1 Bb7 17.f4 Qh5 18.Qxh5+ Nxh5 19.e5 O-O-O 20.Be4 g5 21.Bxb7+ Kxb7 22.Ne4 Be7
23.fxg5 Rhf8 24.Be3 Rd5 25.Nd6+ Kc6 26.Nf7 Bc5 27.Bxc5 Kxc5 28.g4 Ng7 29.b3 c3  1/2-1/2

[Event "HUN-chT"]
[Site "HUN"]
[Date "1992.??.??"]
[Round "6"]
[White "Szirmai, Eduard"]
[Black "Puschmann, Laszlo"]
[Result "1/2-1/2"]
[WhiteElo "2275"]
[BlackElo "2370"]

1.d4 d5 2.c4 e6 3.Nc3 Nf6 4.Nf3 c6 5.e3 Nbd7 6.Bd3 Bd6 7.O-O O-O 8.Re1 dxc4
9.Bxc4 Bb4 10.e4 h6 11.Qb3 Ba5 12.Bf4 Qe7  1/2-1/2

[Event "Huy op"]
[Site "Huy"]
[Date "1992.??.??"]
[Round "8"]
[White "Vanderwaeren, Serge"]
[Black "Komarov, Dimitri"]
[Result "1/2-1/2"]
[WhiteElo "2315"]
[BlackElo "2460"]

1.c4 c6 2.Nf3 d5 3.e3 Nf6 4.d4 e6 5.Nc3 Nbd7 6.Qc2 Bd6 7.Bd2 O-O 8.O-O-O e5
9.cxd5 cxd5 10.Nb5 Bb8 11.dxe5 Nxe5 12.Bc3 Qe7 13.Kb1 Bd7 14.Nxe5 Bxe5 15.Bxe5 Qxe5
16.Nd4 Rfc8 17.Qd2 Ne4 18.Qe2 Rc7 19.f3 Nd6 20.Qd2 Rac8 21.Bd3 Nc4 22.Bxc4 dxc4
23.Ne2 b5 24.e4 Rb7 25.Qd6 Qe8 26.a3 Rcb8 27.Nc3 Be6 28.Qb4 Ra8 29.Qa5 Qe7
30.Rd2 h6  1/2-1/2